Trombinoscope Disney - Statistiques

Statistiques générales
  • Ce quiz a été pris 2 853 fois
  • Le résultat moyen est 63 sur 100
Statistiques - réponses
Hint Réponse % Correct
Dumbo
84%
Bambi
83%
Cruella d'Enfer
83%
Raiponce
83%
Tarzan
83%
Aladdin
83%
Blanche-Neige
83%
Peter Pan
82%
Jasmine
82%
Alice
82%
Vaiana
82%
Pocahontas
82%
Ariel
82%
Pinocchio
82%
Stitch
82%
Quasimodo
82%
Volt
82%
Maléfique
81%
Hercule
81%
Pumbaa
81%
Mulan
81%
Jafar
80%
Simplet
80%
Elsa
80%
Cendrillon
80%
Panpan
80%
Anna
79%
Nala
79%
Esmeralda
79%
Robin des Bois
78%
Reine de Coeur
77%
Clochard
77%
Merlin
77%
Wendy
76%
Maui
76%
Hadès
76%
Sven
76%
Aurore
75%
Tiana
74%
Kuzco
74%
Big Ben
73%
Gaston
73%
Belle
73%
Mère Gothel
72%
Shere Khan
72%
Flynn Rider
72%
Jane Porter
71%
Rafiki
70%
Bianca
70%
Monsieur Mouche
70%
Chapelier Toqué
70%
Isabela Madrigal
68%
Gus
68%
Kaa
68%
Shang
68%
Rox
67%
Vanellope
67%
Lady
65%
Anastasie
65%
Éric
65%
John Smith
64%
Toulouse
63%
Sébastien
63%
Judy Hopps
63%
Thomas O'Malley
60%
Prince Jean
58%
Bruno Madrigal
57%
Raya
56%
Frollo
55%
Belle Marianne
55%
Mme Samovar
54%
Perdita
53%
Naveen
53%
Rouky
52%
Koda
51%
Hiro Hamada
50%
Edgar
50%
Philippe
49%
Asha
46%
Archimède
46%
Philoctète
45%
Milo James Thatch
41%
Clayton
40%
Taram
39%
Sisu
38%
Jim Hawkins
37%
Stromboli
36%
Éloïse
35%
Ratigan
35%
Moustique
32%
Roublard
32%
Horace
30%
Magnifico
29%
Amélia
28%
Roger Radcliffe
27%
Peg
27%
Thimotée
26%
Clopin
24%
Wiggins
19%
Searcher Clade
16%
Aucun quiz correspondant
Distribution des résultats
% des personnes avec chaque résultat
Percentile par nombre de réponses
Votre historique - résultats
Vous n’avez pas pris ce quiz